000 00737nam a22002297a 4500
005 20251108172817.0
008 250721s2003 xx 000 0 ara d
082 1 4 _a303.32/بين
100 1 _aبينسول، ييترل
245 1 0 _aأبناؤنا و أسباب النجاح /
264 1 _aالقاهرة :
_bمكتبة الأسرة،
_c2003.
300 _a209 ص.
490 0 _aسلسلة الأعمال الخاصة
650 1 7 _aالتنشئة الإجتماعية
650 1 7 _aتنشئة الأطفال
650 1 7 _aالتأثير الإجتماعي
650 1 7 _aالسلوك
650 1 7 _aالعلاقات داخل الأسرة
650 1 7 _aالسياسة الأسرية
942 _2ddc
_cBK
999 _c89063
_d89063